Alice. #1 / Christina Henry.
Available copies
- 1 of 1 copy available at LARL/NWRL Consortium. (Show)
- 1 of 1 copy available at Lake Agassiz Regional Library.
Current holds
0 current holds with 1 total copy.
Show Only Available Copies
| Location | Call Number / Copy Notes | Barcode | Shelving Location | Status | Due Date |
|---|---|---|---|---|---|
| Moorhead Public Library | HEN (Text) | 33500012184834 | Main | Available | - |
Record details
- ISBN: 0425266796 (softcover : acid-free paper)
- ISBN: 9780425266793 (softcover : acid-free paper)
- Physical Description: 291 pages ; 21 cm
- Publisher: New York : Ace Books, 2015.
- Copyright: ©2014
Content descriptions
| Summary, etc.: | "A mind-bending new novel inspired by the twisted ... Read More |
Search for related items by subject
| Subject: | Imaginary places > Fiction. FICTION / Fantasy / Historical. FICTION / Fantasy / General. Imaginary places. |
| Genre: | Fantasy fiction. Fiction. |
Search for related items by series
| LDR | 02823cam a2200541 i 4500 | ||
|---|---|---|---|
| 001 | 195099 | ||
| 003 | LARL_NWRL_CONSORTIUM | ||
| 005 | 20200527211458.0 | ||
| 008 | 150213t20152014nyu 000 1 eng | ||
| 019 | . | ‡a906023951 | |
| 020 | . | ‡a0425266796 (softcover : acid-free paper) | |
| 020 | . | ‡a9780425266793 (softcover : acid-free paper) | |
| 035 | . | ‡a(OCoLC)893894700 ‡z(OCoLC)906023951 | |
| 042 | . | ‡apcc | |
| 082 | 0 | 0. | ‡a813/.6 ‡223 |
| 084 | . | ‡aFIC009030 ‡aFIC009000 ‡2bisacsh | |
| 100 | 1 | . | ‡aHenry, Christina, ‡d1974- ‡eauthor. ‡0(LARL_NWRL_CONSORTIUM)221684 |
| 245 | 1 | 0. | ‡aAlice. ‡n#1 / ‡cChristina Henry. |
| 264 | 1. | ‡aNew York : ‡bAce Books, ‡c2015. | |
| 264 | 4. | ‡c©2014 | |
| 300 | . | ‡a291 pages ; ‡c21 cm | |
| 336 | . | ‡atext ‡2rdacontent | |
| 337 | . | ‡aunmediated ‡2rdamedia | |
| 338 | . | ‡avolume ‡2rdacarrier | |
| 490 | 0 | . | ‡aChronicles of Alice ; ‡v1 |
| 520 | . | ‡a"A mind-bending new novel inspired by the twisted and wondrous works of Lewis Carroll...In a warren of crumbling buildings and desperate people called the Old City, there stands a hospital with cinderblock walls which echo the screams of the poor souls inside. In the hospital, there is a woman. Her hair, once blond, hangs in tangles down her back. She doesn't remember why she's in such a terrible place. Just a tea party long ago, and long ears, and blood... Then, one night, a fire at the hospital gives the woman a chance to escape, tumbling out of the hole that imprisoned her, leaving her free to uncover the truth about what happened to her all those years ago. Only something else has escaped with her. Something dark. Something powerful. And to find the truth, she will have to track this beast to the very heart of the Old City, where the rabbit waits for his Alice"-- ‡cProvided by publisher. | |
| 650 | 0. | ‡aImaginary places ‡vFiction. ‡0(LARL_NWRL_CONSORTIUM)169861 | |
| 650 | 7. | ‡aFICTION / Fantasy / Historical. ‡2bisacsh | |
| 650 | 7. | ‡aFICTION / Fantasy / General. ‡2bisacsh | |
| 650 | 7. | ‡aImaginary places. ‡2fast ‡0(LARL_NWRL_CONSORTIUM)38601 | |
| 655 | 7. | ‡aFantasy fiction. ‡2gsafd | |
| 655 | 7. | ‡aFiction. ‡2fast | |
| 700 | 1 | 2. | ‡aCarroll, Lewis, ‡d1832-1898. ‡tAlice's adventures in Wonderland. ‡0(LARL_NWRL_CONSORTIUM)2893 |
| 856 | 4 | 2. | ‡3Cover image ‡u9780425266793.jpg |
| 905 | . | ‡uvanderl | |
| 901 | . | ‡a195099 ‡b ‡c195099 ‡tbiblio ‡soclc | |

Add to basket
Permalink
Disable Highlighting